| 000 | 00694cam a2200193 a 4500 | ||
|---|---|---|---|
| 001 | 000006639 | ||
| 005 | 20200929153949.0 | ||
| 008 | 920519s1990 sp abc b 001 0 spa | ||
| 020 | _a8440480784 | ||
| 040 |
_aDO-SdBNP _cDLCLC |
||
| 082 |
_a946.77 _bS685h |
||
| 100 | 1 |
_aSoler Cantó, Juan. _b1917- _918440 |
|
| 245 | 1 | 0 |
_aHistoria de Cartagena : _bdesde antes de su fundación hasta finales del siglo XX J.C. / _cJuan Soler Cantó. |
| 260 |
_aCartagena, (Colombia) : _bLibrería escarabajal, _c1990. |
||
| 300 |
_a311 p. : _bil., mapas ; _c29 cm. |
||
| 504 | _aBibliografías: p. 305-309. | ||
| 651 | 4 |
_aCartagena (Colombia{Rpara} _xHistoria Militar _918441 |
|
| 910 | _aCatalogación derivada / LC | ||
| 999 |
_c6429 _d6429 |
||